[Event "East Lansing (MOR/1a/14)"]
[Site "?"]
[Date "1993.??.??"]
[Round "?"]
[White "Golingai, P."]
[Black "Carne, L."]
[Result "0-1"]
[WhiteElo "1670"]
[BlackElo "1605"]
[PlyCount "54"]
[EventDate "1993.??.??"]

1. d4 d5 2. c4 Nf6 3. cxd5 Nxd5 4. e4 Nb6 5. Nc3 e6 6. Nf3 Bb4 7. Qc2 Nc6 8.
Bb5 Bd7 9. O-O a6 10. Bxc6 Bxc6 11. d5 exd5 12. exd5 Nxd5 13. Qe4+ Be7 14. Rd1
Nxc3 15. Rxd8+ Rxd8 16. Qe3 Nd5 17. Qe5 O-O 18. Be3 Rfe8 19. Re1 Bb4 20. Qh5
Bxe1 21. Ng5 Nxe3 22. Qxf7+ Kh8 23. fxe3 Rf8 24. Qh5 Bf2+ 25. Kh1 h6 26. Ne6
Bxe3 27. Qg4 Rf1# 0-1

[Event "East Lansing (MOR/6/8)"]
[Site "?"]
[Date "1993.??.??"]
[Round "?"]
[White "Golingai, P."]
[Black "Calton, David A"]
[Result "1-0"]
[WhiteElo "1670"]
[BlackElo "1750"]
[PlyCount "75"]
[EventDate "1993.??.??"]

{6/(8)} 1. d4 g6 2. c4 Bg7 3. Nc3 d6 4. e4 Nc6 5. Be3 e5 6. d5 Nce7 7. Qd2 f5
8. f3 Nf6 9. Bd3 Bd7 10. Nge2 a6 11. O-O O-O 12. c5 b6 13. cxd6 cxd6 14. Rac1
b5 15. b4 f4 16. Bf2 h5 17. Rc2 g5 18. Nc1 Kf7 19. Nb3 g4 20. Be2 Bh6 21. Na5
Nc8 22. Rfc1 Ne8 23. Nd1 Rg8 24. Kf1 Qg5 25. Nc6 h4 26. fxg4 Bxg4 27. Bxg4 Qxg4
28. Bc5 Ne7 29. Bxd6 Nxc6 30. dxc6 Nxd6 31. Qxd6 Rad8 32. Qc7+ Ke6 33. Nc3 f3
34. Nd5 fxg2+ 35. Kg1 Qxe4 36. Qe7+ Kf5 37. Rf2+ Kg4 38. Nf6+ 1-0

[Event "Flint (Class C/1)"]
[Site "?"]
[Date "1993.??.??"]
[Round "?"]
[White "Golingai, P."]
[Black "Belill, Mike"]
[Result "1-0"]
[WhiteElo "1605"]
[BlackElo "1605"]
[PlyCount "99"]
[EventDate "1993.??.??"]

1. d4 Nf6 2. c4 g6 3. Nc3 Bg7 4. e4 d6 5. f3 O-O 6. Be3 e5 7. d5 Nbd7 8. Qd2
Nc5 9. Nge2 a5 10. g4 Bd7 11. Ng3 a4 12. h4 Nxg4 13. fxg4 Bxg4 14. Bxc5 dxc5
15. Be2 Qd7 16. O-O-O Rfd8 17. Bxg4 Qxg4 18. Rdg1 Qd7 19. h5 a3 20. b3 c6 21.
hxg6 fxg6 22. Qh2 h6 23. Qe2 Rf8 24. Rf1 Rxf1+ 25. Nxf1 Rf8 26. Ne3 h5 27. Rf1
Rf4 28. Ng2 Rxf1+ 29. Qxf1 Bh6+ 30. Kc2 Qe7 31. Qf2 Qg5 32. Kd3 Qc1 33. Ne3 h4
34. d6 Bxe3 35. Qxe3 Qxe3+ 36. Kxe3 Kf7 37. Kf3 Ke6 38. Kg4 h3 39. Kxh3 Kxd6
40. Kg4 Ke6 41. Kg5 Kf7 42. Nb1 b5 43. Nxa3 b4 44. Nc2 Kg7 45. Ne1 Kf7 46. Nd3
Ke6 47. Nxc5+ Kd6 48. Nd3 Ke6 49. Kxg6 Kd6 50. Kf6 1-0

[Event "Troy (TCC/C/3/5)"]
[Site "?"]
[Date "1993.??.??"]
[Round "?"]
[White "Gladstone, R."]
[Black "Purkey, L."]
[Result "0-1"]
[WhiteElo "1605"]
[BlackElo "1605"]
[PlyCount "102"]
[EventDate "1993.??.??"]

{3/(5)} 1. e4 g6 2. Nf3 Bg7 3. d4 d6 4. d5 e5 5. c4 Nf6 6. Bg5 h6 7. Bxf6 Qxf6
8. Nc3 Bg4 9. h3 Bxf3 10. Qxf3 Qxf3 11. gxf3 a6 12. b4 Nd7 13. a4 c6 14. h4 c5
15. b5 a5 16. Bh3 Rf8 17. Bxd7+ Kxd7 18. h5 g5 19. Kd2 f5 20. Ke3 fxe4 21. fxe4
Rf7 22. Ne2 Raf8 23. Ng3 Rf3+ 24. Kd2 Rxf2+ 25. Ne2 Rg2 26. Rag1 Rff2 27. Rxg2
Rxg2 28. Rf1 Ke7 29. Ke3 g4 30. Rg1 Rxg1 31. Nxg1 Kf6 32. Ne2 Kg5 33. Ng3 Bf6
34. Nf5 Kxh5 35. b6 Bd8 36. Nxd6 Bxb6 37. Nxb7 Kg5 38. d6 h5 39. d7 h4 40.
d8=Q+ Bxd8 41. Nxd8 h3 42. Kf2 Kh4 43. Ne6 g3+ 44. Kg1 Kg4 45. Nxc5 Kf3 46. Nd3
h2+ 47. Kh1 Ke2 48. c5 Kf1 49. Ne1 Kxe1 50. Kg2 h1=Q+ 51. Kxh1 Kf1 0-1

[Event "Troy (TCC/C/1b/5)"]
[Site "?"]
[Date "1993.??.??"]
[Round "?"]
[White "Gladstone, R."]
[Black "Mayer, Raymond"]
[Result "1-0"]
[WhiteElo "1605"]
[BlackElo "1605"]
[PlyCount "53"]
[EventDate "1993.??.??"]

1. e4 e5 2. Nf3 Nc6 3. Bc4 Bc5 4. O-O Nf6 5. d3 O-O 6. Nc3 h6 7. Na4 Be7 8. Nh4
Nxe4 9. Bxh6 Bxh4 10. Qg4 Bg5 11. Bxg5 Qxg5 12. Qxe4 a6 13. Bd5 Qf4 14. Nc3
Qxe4 15. Nxe4 d6 16. f4 Be6 17. Bxe6 fxe6 18. fxe5 Nxe5 19. Ng5 Rae8 20. Rxf8+
Kxf8 21. Rf1+ Kg8 22. d4 Nc4 23. Rf7 Nd2 24. Rxc7 Rf8 25. h3 Rf1+ 26. Kh2 Re1
27. Rc8# 1-0

[Event "Troy (TCC/C/5/5)"]
[Site "?"]
[Date "1993.??.??"]
[Round "?"]
[White "Gladstone, R."]
[Black "Jagodzinski, J."]
[Result "0-1"]
[WhiteElo "1605"]
[BlackElo "1605"]
[PlyCount "120"]
[EventDate "1993.??.??"]

{5/(5)} 1. e4 e5 2. Nf3 Nc6 3. Bc4 Bc5 4. O-O Nf6 5. Ng5 d5 6. exd5 Nxd5 7. d3
O-O 8. Ne4 Be7 9. Nbc3 Nxc3 10. Nxc3 Na5 11. Bd5 Bb4 12. Bb3 Nxb3 13. axb3 c6
14. Be3 a6 15. Na4 Ba5 16. Qh5 f6 17. Bc5 Rf7 18. b4 Bc7 19. Be3 b5 20. Nc5 Bb6
21. Ne4 Be6 22. Bc5 Bxc5 23. bxc5 a5 24. Nd6 Rd7 25. f4 exf4 26. Rxf4 a4 27.
Rh4 g6 28. Qh6 Qf8 29. Re1 Qxh6 30. Rxh6 Bd5 31. Re8+ Rxe8 32. Nxe8 Rf7 33. Rh4
f5 34. Rd4 Kf8 35. Nd6 Re7 36. Kf2 Ra7 37. c4 bxc4 38. Nxc4 Bxc4 39. Rxc4 a3
40. bxa3 Rxa3 41. d4 Ke7 42. Rc2 Ra7 43. Re2+ Kf6 44. Kf3 Rd7 45. Ke3 Re7+ 46.
Kd3 Rxe2 47. Kxe2 Ke6 48. Kd3 Kd5 49. h4 h6 50. g3 g5 51. Ke3 Kc4 52. hxg5 hxg5
53. g4 f4+ 54. Ke4 f3 55. Kxf3 Kxd4 56. Ke2 Kxc5 57. Kd3 Kd5 58. Ke3 Ke5 59.
Kf3 c5 60. Ke3 c4 0-1

[Event "Eastpointe (MI Action/6/23)"]
[Site "?"]
[Date "1993.??.??"]
[Round "?"]
[White "Gilbert, J."]
[Black "Kielb, M."]
[Result "0-1"]
[WhiteElo "1605"]
[BlackElo "1605"]
[PlyCount "102"]
[EventDate "1993.??.??"]

{6/(23)} 1. e4 c5 2. Nf3 d6 3. Bc4 e6 4. d4 cxd4 5. Nxd4 Nf6 6. Nc3 d5 7. Bd3
dxe4 8. Bxe4 e5 9. Nf3 Qxd1+ 10. Kxd1 Bb4 11. Nxe5 Bxc3 12. bxc3 Nxe4 13. Rf1
O-O 14. Re1 Nxf2+ 15. Ke2 Ng4 16. Nxg4 Bxg4+ 17. Kf1 Nc6 18. Ba3 Rfe8 19. Rxe8+
Rxe8 20. Rb1 b6 21. Bd6 Rd8 22. Re1 h6 23. Re4 Bf5 24. Rf4 Bxc2 25. Bc7 Rd1+
26. Ke2 Ra1 27. Rc4 Rxa2 28. Rxc6 Ba4+ 29. Kd3 Bxc6 30. Bb8 Rxg2 31. Bxa7 b5
32. Bb8 f5 33. c4 Be4+ 34. Kd4 b4 35. Bf4 b3 36. Bc1 b2 37. Bxb2 Rxb2 38. c5
Rb8 39. Ke5 g6 40. Kf4 Rb5 41. h4 Rxc5 42. h5 g5+ 43. Kg3 Rc3+ 44. Kh2 f4 45.
Kg1 f3 46. Kf2 Rc2+ 47. Kf1 Bd3+ 48. Kg1 f2+ 49. Kg2 f1=Q+ 50. Kg3 Rg2+ 51. Kh3
Qh1# 0-1

[Event "Eastpointe (MI Action/4/20)"]
[Site "?"]
[Date "1993.??.??"]
[Round "?"]
[White "Gilbert, J."]
[Black "Iyer, Krishnan"]
[Result "0-1"]
[WhiteElo "1605"]
[BlackElo "1605"]
[PlyCount "62"]
[EventDate "1993.??.??"]

{4/(20)} 1. e4 b6 2. Nc3 Bb7 3. Nf3 e6 4. d4 Nf6 5. Bg5 Be7 6. Bxf6 Bxf6 7. Bb5
O-O 8. e5 Be7 9. a3 d5 10. h4 c5 11. Qd3 c4 12. Qe2 a6 13. Bxc4 dxc4 14. Qxc4
Qd7 15. Qd3 Rd8 16. Ng5 g6 17. Nf3 Bxf3 18. Qxf3 Nc6 19. O-O-O Bf8 20. h5 Ne7
21. hxg6 fxg6 22. Qh3 Nd5 23. Ne4 Nf4 24. Qh2 Ne2+ 25. Kb1 Bg7 26. Qxh7+ Kf8
27. Nf6 Qf7 28. d5 exd5 29. Rxd5 Rxd5 30. Nxd5 Qxd5 31. Qxg6 Qxe5 0-1

[Event "Eastpointe (MI Action/2/21)"]
[Site "?"]
[Date "1993.??.??"]
[Round "?"]
[White "Gilbert, J."]
[Black "Boyle, John"]
[Result "0-1"]
[WhiteElo "1605"]
[BlackElo "1605"]
[PlyCount "60"]
[EventDate "1993.??.??"]

{2/(21)} 1. e4 c5 2. Nf3 d6 3. Nc3 Nf6 4. d4 cxd4 5. Nxd4 g6 6. Bg5 Bg7 7. Bc4
O-O 8. Qf3 Nc6 9. Nxc6 bxc6 10. O-O-O Qa5 11. Bf4 Bg4 12. Qe3 Bxd1 13. Rxd1
Rab8 14. e5 dxe5 15. Bxe5 Ng4 16. Qg5 Nxe5 17. Qxe7 Nxc4 18. b3 Bxc3 19. Rd7
Bd2+ 20. Kd1 Nb2+ 21. Ke2 Rfe8 22. Kf1 Rxe7 23. Rxe7 Qb5+ 24. Re2 Re8 25. g3
Qxe2+ 26. Kg2 Be3 27. Kh3 Bxf2 28. Kh4 h5 29. Kg5 Qg4+ 30. Kh6 Be3# 0-1

[Event "Flint (Class A/4)"]
[Site "?"]
[Date "1993.??.??"]
[Round "?"]
[White "Garrison, Ray"]
[Black "Marshall, Larry"]
[Result "1-0"]
[WhiteElo "1855"]
[BlackElo "1905"]
[PlyCount "43"]
[EventDate "1993.??.??"]

1. d4 d5 2. Nf3 Nf6 3. Bf4 Bf5 4. c3 Nbd7 5. e3 h6 6. h3 e6 7. Qb3 b6 8. Bb5 a6
9. Bc6 Ra7 10. Ne5 Qc8 11. g4 Bh7 12. g5 hxg5 13. Bxg5 Ke7 14. Bxd7 Qa8 15. Bc6
Qb8 16. Bxd5 Ke8 17. Bxe6 Qb7 18. Bxf7+ Kd8 19. Bd5 Bg8 20. Bxb7 Bxb3 21. Bxf6+
Ke8 22. Bc6# 1-0

[Event "Flint (Class A/1)"]
[Site "?"]
[Date "1993.??.??"]
[Round "?"]
[White "Garrison, Ray"]
[Black "Emke, Robert"]
[Result "1/2-1/2"]
[WhiteElo "1855"]
[BlackElo "1935"]
[PlyCount "68"]
[EventDate "1993.??.??"]

1. d4 e6 2. Nf3 f5 3. g3 Nf6 4. Bg2 Be7 5. c4 d5 6. Nbd2 O-O 7. O-O Ne4 8. Ne5
Nxd2 9. Bxd2 c6 10. Qb3 Nd7 11. Nd3 Nf6 12. Bb4 b6 13. Rac1 Bd7 14. Bxe7 Qxe7
15. Ne5 Rfc8 16. Rc2 Be8 17. cxd5 cxd5 18. Rfc1 Qb7 19. Nc4 Qd7 20. Ne5 Qb7 21.
f3 Bd7 22. g4 Rxc2 23. Rxc2 Rc8 24. Nxd7 Qxd7 25. gxf5 Rxc2 26. Qxc2 exf5 27.
Bh3 g6 28. Kh1 Qe7 29. Bf1 Kg7 30. Qc1 Nh5 31. Qc6 Nf4 32. Qc2 Qe3 33. Qc3 Qf2
34. Qc7+ Kf8 1/2-1/2

[Event "East Lansing (May)"]
[Site "?"]
[Date "1993.??.??"]
[Round "?"]
[White "Garrison, Ray"]
[Black "Beydoun, N."]
[Result "1-0"]
[WhiteElo "1940"]
[BlackElo "1970"]
[PlyCount "47"]
[EventDate "1993.??.??"]

1. d4 f5 2. Nc3 Nf6 3. Bg5 e6 4. e4 Be7 5. e5 Nd5 6. Qh5+ g6 7. Bxe7 Qxe7 8.
Nxd5 exd5 9. Qe2 b6 10. O-O-O Bb7 11. Qb5 Nc6 12. Qxd5 Na5 13. Qb5 Bxg2 14.
Bxg2 Qg5+ 15. Kb1 Qxg2 16. Ne2 Qc6 17. Qxc6 Nxc6 18. f4 O-O-O 19. Nc3 d5 20.
Ne2 Ne7 21. Rhe1 c5 22. Ng1 Nc6 23. c3 cxd4 24. cxd4 1-0

[Event "Troy (TCC/DEU/5/5)"]
[Site "?"]
[Date "1993.??.??"]
[Round "?"]
[White "Gaiefsky, S."]
[Black "Pontoni, M."]
[Result "0-1"]
[WhiteElo "1605"]
[BlackElo "1605"]
[PlyCount "64"]
[EventDate "1993.??.??"]

{5/(5)} 1. d4 Nf6 2. c4 c5 3. d5 b5 4. e3 d6 5. Nf3 Nbd7 6. b3 g6 7. Nbd2 Bg7
8. Bb2 O-O 9. Be2 e6 10. e4 Re8 11. O-O exd5 12. exd5 Nb6 13. Re1 Qc7 14. Ng5
h6 15. Nge4 Nxe4 16. Bxg7 Kxg7 17. Nxe4 Rxe4 18. Qc2 Bf5 19. Bd3 Rxe1+ 20. Rxe1
Bxd3 21. Qc3+ f6 22. Re6 Rf8 23. Qxd3 bxc4 24. bxc4 Rf7 25. Qe3 Nxc4 26. Qf4
Ne5 27. g3 f5 28. Kg2 Re7 29. Qh4 Rxe6 30. dxe6 Qc6+ 31. Kh3 g5 32. Qh5 g4+ 0-1

[Event "Troy (TCC/DEU/2/9)"]
[Site "?"]
[Date "1993.??.??"]
[Round "?"]
[White "Gaiefsky, S."]
[Black "O'Neill, M."]
[Result "1-0"]
[WhiteElo "1605"]
[BlackElo "1605"]
[PlyCount "61"]
[EventDate "1993.??.??"]

{2/(9)} 1. d4 d5 2. c4 c6 3. Nf3 Nf6 4. c5 Nbd7 5. Nc3 e6 6. Bg5 Be7 7. b4 O-O
8. e3 b6 9. Be2 Bb7 10. O-O Qc7 11. Bf4 Qc8 12. Qc2 Qe8 13. b5 Ng4 14. h3 Nxf2
15. Rxf2 Bf6 16. Bg5 e5 17. bxc6 Bxc6 18. Bb5 Rc8 19. Bxc6 Rxc6 20. Nxd5 Qe6
21. Nb4 Rc7 22. d5 Qe7 23. d6 Rxc5 24. dxe7 Re8 25. Qe4 Rxe7 26. Bxf6 Nxf6 27.
Qa8+ Re8 28. Qxa7 Rc4 29. Ng5 Rf8 30. Qxb6 Nd7 31. Qb5 1-0

[Event "East Lansing (MOR/4/42)"]
[Site "?"]
[Date "1993.??.??"]
[Round "?"]
[White "Gaiefsky, S."]
[Black "Mitchell, Dave"]
[Result "0-1"]
[WhiteElo "1605"]
[BlackElo "1605"]
[PlyCount "56"]
[EventDate "1993.??.??"]

{4/(42)} 1. d4 d5 2. c4 c6 3. Nf3 Bg4 4. Ne5 Bh5 5. Nc3 e6 6. Bd2 Qc7 7. g3 Nf6
8. c5 Nbd7 9. Bf4 Nxe5 10. Bxe5 Qd8 11. f3 Nd7 12. g4 Nxe5 13. gxh5 Qh4+ 14.
Kd2 Qxd4+ 15. Kc2 Qxc5 16. Kb1 Qb6 17. Na4 Qe3 18. Qe1 Nxf3 19. Qg3 Nd2+ 20.
Kc2 Qe4+ 21. Kxd2 Bb4+ 22. Nc3 Qxh1 23. Rc1 Bxc3+ 24. bxc3 Qe4 25. Qc7 O-O 26.
Qe7 Rad8 27. Ke1 h6 28. Qc5 d4 0-1

[Event "East Lansing (MOR/6/41)"]
[Site "?"]
[Date "1993.??.??"]
[Round "?"]
[White "Gaiefsky, S."]
[Black "Leaman, P."]
[Result "0-1"]
[WhiteElo "1605"]
[BlackElo "1605"]
[PlyCount "46"]
[EventDate "1993.??.??"]

{6/(41)} 1. d4 d5 2. c4 Nf6 3. Nc3 e6 4. c5 g6 5. Nf3 Nbd7 6. Bg5 Bg7 7. e4
dxe4 8. Nxe4 O-O 9. Bc4 Qe8 10. Nxf6+ Nxf6 11. O-O Bd7 12. Re1 Bc6 13. Ne5 Rd8
14. f4 h6 15. f5 hxg5 16. fxg6 fxg6 17. Bxe6+ Qxe6 18. Nxg6 Qf7 19. Ne7+ Kh8
20. Qd3 Be4 21. Qh3+ Nh7 22. Rxe4 Qf2+ 23. Kh1 Qf1+ 0-1

[Event "Troy (TCC/DEU/4/4)"]
[Site "?"]
[Date "1993.??.??"]
[Round "?"]
[White "Gaiefsky, S."]
[Black "Ho, E."]
[Result "0-1"]
[WhiteElo "1605"]
[BlackElo "1605"]
[PlyCount "50"]
[EventDate "1993.??.??"]

{4/(4)} 1. d4 d5 2. c4 e6 3. Nc3 Be7 4. Nf3 Nf6 5. Bg5 O-O 6. c5 Nc6 7. e3 b6
8. b4 Nxb4 9. Qa4 bxc5 10. a3 Bd7 11. Bb5 Bxb5 12. Nxb5 Nd3+ 13. Ke2 c4 14. Qc2
Rb8 15. Rab1 c6 16. Nxa7 Qc7 17. Nxc6 Qxc6 18. Ne5 Qd6 19. h4 Rfc8 20. Kf3 Ne4
21. Bxe7 Qxe7 22. Rxb8 Rxb8 23. Rb1 Rxb1 24. Qxb1 Qf6+ 25. Ke2 Qxf2+ 0-1

[Event "Lansing (MI Am/2)"]
[Site "?"]
[Date "1993.??.??"]
[Round "?"]
[White "Gaiefsky, S."]
[Black "Emke, Robert"]
[Result "0-1"]
[WhiteElo "1605"]
[BlackElo "1960"]
[PlyCount "46"]
[EventDate "1993.??.??"]

1. d4 e6 2. c4 f5 3. Nf3 Nf6 4. Nc3 Be7 5. Nd2 d5 6. c5 c6 7. Nf3 Nbd7 8. Ng5
Nf8 9. b4 Ne4 10. Ngxe4 fxe4 11. e3 Ng6 12. g3 e5 13. Qh5 O-O 14. Bh3 Bxh3 15.
Qxh3 Rf6 16. Ne2 Qc8 17. Qg2 exd4 18. Nxd4 Ne5 19. O-O Nf3+ 20. Kh1 Qg4 21. h3
Rh6 22. Nxf3 exf3 23. Kg1 Rxh3 0-1

[Event "East Lansing (MOR/2/49)"]
[Site "?"]
[Date "1993.??.??"]
[Round "?"]
[White "Gaiefsky, S."]
[Black "Caron, L."]
[Result "1-0"]
[WhiteElo "1605"]
[BlackElo "1605"]
[PlyCount "51"]
[EventDate "1993.??.??"]

{2/(49)} 1. d4 Nf6 2. c4 g6 3. Nc3 Bg7 4. e4 O-O 5. e5 Nh5 6. g4 Nf4 7. Bxf4 e6
8. Nf3 Nc6 9. Qd2 Ne7 10. Bh6 b6 11. Bxg7 Kxg7 12. h4 h6 13. h5 g5 14. Rh3 Ng8
15. Bd3 f5 16. gxf5 exf5 17. Rh2 Bb7 18. d5 c6 19. Nd4 cxd5 20. cxd5 Bc8 21. f4
g4 22. Bxf5 d6 23. Bxg4 Bxg4 24. Qd3 Ne7 25. Rg2 Kf7 26. Rxg4 1-0

[Event "East Lansing (MOR/7/44)"]
[Site "?"]
[Date "1993.??.??"]
[Round "?"]
[White "Gaiefsky, S."]
[Black "Biondo, Anthony"]
[Result "1-0"]
[WhiteElo "1605"]
[BlackElo "1605"]
[PlyCount "29"]
[EventDate "1993.??.??"]

{7/(44)} 1. d4 d5 2. c4 dxc4 3. e4 Nf6 4. e5 Ng8 5. Bxc4 Nc6 6. Be3 Nh6 7. h3
Nf5 8. Qh5 g6 9. Qf3 e6 10. Ne2 Ncxd4 11. Bxd4 Nxd4 12. Nxd4 Qxd4 13. Bb5+ c6
14. Bxc6+ Ke7 15. Qf6# 1-0

[Event "Flint (Class A/2)"]
[Site "?"]
[Date "1993.??.??"]
[Round "?"]
[White "Gaiefsky, Mike"]
[Black "Skidmore, Mike"]
[Result "0-1"]
[WhiteElo "1815"]
[BlackElo "1905"]
[PlyCount "84"]
[EventDate "1993.??.??"]

1. Nf3 d5 2. d4 Nf6 3. c4 c6 4. Nc3 e6 5. Bg5 Be7 6. e3 Nbd7 7. Qc2 O-O 8. Bd3
b6 9. cxd5 cxd5 10. O-O h6 11. Bh4 Bb7 12. Rac1 Rc8 13. Qe2 Ne4 14. Bxe7 Qxe7
15. Bxe4 dxe4 16. Nd2 Nf6 17. Rc2 Rc7 18. Rfc1 Rfc8 19. a3 Qd7 20. Nf1 a6 21.
Ng3 b5 22. Nh5 Nxh5 23. Qxh5 a5 24. Qd1 Bd5 25. Nxd5 exd5 26. b4 axb4 27. axb4
Rc4 28. Rxc4 bxc4 29. Rb1 Qb5 30. Qe2 Ra8 31. Qb2 Rc8 32. Qc3 Ra8 33. Qb2 Ra4
34. g3 Ra7 35. Ra1 Rxa1+ 36. Qxa1 Kh7 37. Qa3 Qc6 38. Qc3 Qa4 39. Kf1 Qb3 40.
Qa1 c3 41. Qa8 c2 42. Qc8 Qc4+ 0-1

[Event "Flint (Class A/5)"]
[Site "?"]
[Date "1993.??.??"]
[Round "?"]
[White "Gaiefsky, Mike"]
[Black "Rosenberg, Steve"]
[Result "1-0"]
[WhiteElo "1815"]
[BlackElo "1800"]
[PlyCount "53"]
[EventDate "1993.??.??"]

1. d4 Nf6 2. c4 e5 3. d5 Bc5 4. Nc3 d6 5. Qc2 c6 6. e4 Qb6 7. h3 Nh5 8. g4 Ng3
9. Rh2 Nxf1 10. Kxf1 cxd5 11. Nxd5 Qd8 12. f4 Na6 13. Bd2 Nc7 14. Nc3 exf4 15.
Nf3 g5 16. Re1 f6 17. Nd5 h5 18. Nxf6+ Qxf6 19. Bc3 Qf8 20. Bxh8 Qxh8 21. e5
dxe5 22. Rxe5+ Ne6 23. Qg6+ Kd8 24. Rd2+ Kc7 25. Qf7+ Kb8 26. Rxg5 Nxg5 27.
Qxf4+ 1-0

[Event "East Lansing (MOR/7/1)"]
[Site "?"]
[Date "1993.??.??"]
[Round "?"]
[White "Gaiefsky, Mike"]
[Black "Mankiewicz, Ryan"]
[Result "0-1"]
[WhiteElo "1765"]
[BlackElo "1625"]
[PlyCount "82"]
[EventDate "1993.??.??"]

{7/(1)} 1. Nf3 c5 2. e4 d6 3. c3 g6 4. Bc4 Bg7 5. d3 Nf6 6. Qb3 O-O 7. Bxf7+
Rxf7 8. Ng5 Qe8 9. Nxf7 Qxf7 10. Bf4 Qxb3 11. axb3 Be6 12. Nd2 Nc6 13. f3 a5
14. g4 b5 15. h4 b4 16. h5 Nd7 17. hxg6 hxg6 18. Rc1 bxc3 19. bxc3 Rb8 20. Bg5
Bxb3 21. d4 cxd4 22. cxd4 Nxd4 23. Bxe7 Be5 24. Nxb3 Bg3+ 25. Kf1 Nxb3 26. Rc7
Nbc5 27. Kg2 Be5 28. Rc6 Rb2+ 29. Kh3 a4 30. Rc8+ Kf7 31. Bg5 a3 32. Bc1 Rb1
33. Kg2 a2 34. Rh7+ Bg7 35. Bh6 a1=Q 36. Rxg7+ Qxg7 37. Bxg7 Kxg7 38. Kg3 Rc1
39. Ra8 Rc3 40. Kf2 Ne5 41. Ra7+ Kf6 0-1

[Event "East Lansing (MOR/4/4)"]
[Site "?"]
[Date "1993.??.??"]
[Round "?"]
[White "Gaiefsky, Mike"]
[Black "Davis, Ralph"]
[Result "1-0"]
[WhiteElo "1765"]
[BlackElo "1605"]
[PlyCount "85"]
[EventDate "1993.??.??"]

{4/(4)} 1. d4 Nf6 2. c4 e6 3. Nf3 c5 4. e3 Be7 5. Nc3 O-O 6. Bd3 Nc6 7. a3 b6
8. d5 exd5 9. cxd5 Nb8 10. d6 Bxd6 11. Bxh7+ Nxh7 12. Qxd6 Qf6 13. Qg3 Bb7 14.
Nb5 Nc6 15. Bd2 d5 16. O-O Ba6 17. a4 Rac8 18. Rfe1 Qg6 19. Qxg6 fxg6 20. Bc3
Nf6 21. Ng5 Bxb5 22. axb5 d4 23. exd4 Nxd4 24. Rxa7 Rce8 25. Ree7 Ne2+ 26. Kf1
Rxe7 27. Rxe7 Nxc3 28. bxc3 Re8 29. Rxe8+ Nxe8 30. Ne4 Nf6 31. f3 Nd5 32. Kf2
Kf7 33. g3 Ke7 34. c4 Nf6 35. Ke3 Ke6 36. Ng5+ Kf5 37. Nh3 g5 38. Nf2 g6 39.
g4+ Ke6 40. Nh3 Nd5+ 41. cxd5+ Kxd5 42. Nxg5 c4 43. Ne4 1-0

[Event "Troy (TCC/B/2/2)"]
[Site "?"]
[Date "1993.??.??"]
[Round "?"]
[White "Gaiefsky, Mike"]
[Black "Basas, J."]
[Result "1-0"]
[WhiteElo "1765"]
[BlackElo "1650"]
[PlyCount "89"]
[EventDate "1993.??.??"]

{2/(2)} 1. Nf3 Nc6 2. d4 d5 3. c4 Nf6 4. Nc3 g6 5. Bf4 Bg7 6. e3 e6 7. Nb5 e5
8. Nxe5 Nh5 9. Nxc6 bxc6 10. Nxc7+ Kf8 11. Nxa8 Nxf4 12. exf4 Be6 13. c5 Qxa8
14. Be2 Ke7 15. O-O Rb8 16. Qd2 a5 17. a3 Rb7 18. b4 Qb8 19. Rab1 Bh6 20. g3
Bg7 21. Ba6 Ra7 22. Be2 Rb7 23. Rfe1 h5 24. Ba6 Ra7 25. Bf1 Rb7 26. Re3 Kd7 27.
Ba6 Ra7 28. b5 Ke7 29. Reb3 Qh8 30. Qxa5 Bxd4 31. b6 Bxf2+ 32. Kxf2 Qd4+ 33.
Re3 Rd7 34. Qc3 Qa4 35. Rxe6+ fxe6 36. Qg7+ Ke8 37. Qxg6+ Ke7 38. Bc8 Qd4+ 39.
Kg2 Rd8 40. b7 h4 41. Qxe6+ Kf8 42. Qf5+ Kg8 43. Be6+ Kh8 44. Qh5+ Kg7 45. Qg5+
1-0

[Event "Troy (TCC/B/4/4)"]
[Site "?"]
[Date "1993.??.??"]
[Round "?"]
[White "Gaiefsky, Mike"]
[Black "Bailey, Jason"]
[Result "0-1"]
[WhiteElo "1765"]
[BlackElo "1615"]
[PlyCount "56"]
[EventDate "1993.??.??"]

{4/(4)} 1. Nf3 c5 2. c4 Nc6 3. Nc3 e6 4. d4 cxd4 5. Nxd4 g6 6. Nxc6 bxc6 7. Ne4
d5 8. Qd4 dxe4 9. Qxd8+ Kxd8 10. Bg5+ f6 11. O-O-O+ Kc7 12. Bf4+ e5 13. Bd2 Be6
14. Ba5+ Kb7 15. e3 Bc5 16. Be2 Ne7 17. Rd2 Nc8 18. Rhd1 Nb6 19. b4 Be7 20. c5
Nd5 21. Bc4 Bd8 22. Bxd8 Raxd8 23. b5 Rd7 24. bxc6+ Kxc6 25. a4 Kxc5 26. Rc2
Kb6 27. a5+ Kxa5 28. Rd3 exd3 0-1

[Event "Flint (Class A/4)"]
[Site "?"]
[Date "1993.??.??"]
[Round "?"]
[White "Gaiefsky, Mike"]
[Black "Aldrich, Jeff"]
[Result "0-1"]
[WhiteElo "1815"]
[BlackElo "1945"]
[PlyCount "94"]
[EventDate "1993.??.??"]

1. Nf3 d5 2. d4 Nf6 3. c4 e6 4. Nc3 c6 5. Bg5 Nbd7 6. e3 Bb4 7. Qb3 Qa5 8. Bd3
dxc4 9. Qxc4 Nb6 10. Qb3 Nfd5 11. O-O Nxc3 12. bxc3 Bxc3 13. Rab1 Nd5 14. e4
Nc7 15. Rfc1 Bxd4 16. Bd2 Qb6 17. Qa4 Bxf2+ 18. Kf1 Nb5 19. Bxb5 cxb5 20. Rxb5
Qa6 21. Qxa6 bxa6 22. Rg5 Bb6 23. Rxg7 Bd7 24. Bb4 Rd8 25. g3 a5 26. Bd2 h6 27.
Bf4 Bb5+ 28. Kg2 Bd3 29. Nd2 Bd4 30. e5 Bg6 31. Nc4 Be4+ 32. Kf1 Bg6 33. Nd6+
Kf8 34. Rxg6 fxg6 35. Rc7 Bb6 36. Rf7+ Kg8 37. Rf6 g5 38. Bc1 Bc5 39. Rxe6 Bxd6
40. exd6 Rh7 41. Bb2 Rhd7 42. Be5 Rb8 43. Rxh6 Rb5 44. Rh8+ Kf7 45. Rh7+ Ke6
46. Rxd7 Kxd7 47. Bd4 a6 0-1

[Event "Flint (Beg/1)"]
[Site "?"]
[Date "1993.??.??"]
[Round "?"]
[White "Gaiefsky, Joey"]
[Black "Weatherly, Q."]
[Result "0-1"]
[WhiteElo "1605"]
[BlackElo "1605"]
[PlyCount "90"]
[EventDate "1993.??.??"]

1. e4 Nf6 2. e5 Nd5 3. d4 e6 4. Nf3 d6 5. exd6 Qxd6 6. Bc4 Qc6 7. Ne5 Qb6 8.
Nc3 Bd6 9. Bxd5 exd5 10. Nxd5 Qa5+ 11. Bd2 Qxd5 12. Qh5 Be6 13. Bf4 Qxd4 14.
O-O Qxf4 15. Rfe1 Nc6 16. Nxf7 Qxf7 17. Qxf7+ Kxf7 18. Re3 Nd4 19. c3 Nc2 20.
Rf3+ Ke7 21. Rc1 Bf5 22. Rxf5 g6 23. Rf3 Nb4 24. Re1+ Kd7 25. Rf7+ Kc6 26. cxb4
Bxb4 27. Re6+ Bd6 28. Rf4 b6 29. Rc4+ Kd5 30. Ree4 b5 31. Rcd4+ Kc6 32. Re6
Rhe8 33. Rxe8 Rxe8 34. Rd1 Re2 35. Kf1 Rxb2 36. Rc1+ Bc5 37. g3 Rxa2 38. Kg2
Rxf2+ 39. Kh3 h5 40. Re1 b4 41. Re6+ Bd6 42. g4 Rf3+ 43. Kh4 Kd5 44. Rxg6 b3
45. Rg5+ Be5 0-1

[Event "Flint (Beg/3)"]
[Site "?"]
[Date "1993.??.??"]
[Round "?"]
[White "Gaiefsky, Joey"]
[Black "Talarczyk, G."]
[Result "0-1"]
[WhiteElo "1605"]
[BlackElo "1605"]
[PlyCount "64"]
[EventDate "1993.??.??"]

1. e4 c5 2. Nf3 Nc6 3. d4 cxd4 4. Nxd4 g6 5. Nc3 Bg7 6. Nf3 Nf6 7. Be3 O-O 8.
Qd2 e5 9. Bh6 Qb6 10. Bc4 Qxb2 11. O-O d6 12. Rab1 Qa3 13. Rb3 Qc5 14. Qd3 Bxh6
15. Rb5 Qa3 16. Nd2 Nb4 17. Qe2 Qxc3 18. Bb3 Bxd2 19. a3 Nxc2 20. Bxc2 Qxc2 21.
Rd1 Nxe4 22. Rd5 Nc3 23. Qf1 Nxd5 24. g3 Bh3 25. Qxh3 Qxd1+ 26. Kg2 Qh5 27. Qd7
Qe2 28. Kh3 Qxf2 29. Qg4 f5 30. Qc4 Bg5 31. a4 f4 32. gxf4 Rxf4 0-1

[Event "Flint (Beg/5)"]
[Site "?"]
[Date "1993.??.??"]
[Round "?"]
[White "Gaiefsky, Joey"]
[Black "Kenworthy, Mark"]
[Result "1-0"]
[WhiteElo "1605"]
[BlackElo "1605"]
[PlyCount "29"]
[EventDate "1993.??.??"]

1. e4 e5 2. Nf3 Nc6 3. Nc3 Nf6 4. Bc4 Qe7 5. Nd5 Nxd5 6. Bxd5 Nd4 7. d3 Qc5 8.
O-O c6 9. Bc4 b5 10. Bb3 a5 11. c3 Nxf3+ 12. Qxf3 d6 13. Qxf7+ Kd8 14. Bg5+ Be7
15. Qxe7# 1-0

[Event "Flint (Beg/2)"]
[Site "?"]
[Date "1993.??.??"]
[Round "?"]
[White "Gaiefsky, D."]
[Black "Gourlay, J."]
[Result "1-0"]
[WhiteElo "1605"]
[BlackElo "1605"]
[PlyCount "59"]
[EventDate "1993.??.??"]

1. e4 c5 2. c3 Nc6 3. Bc4 e5 4. Nf3 Nf6 5. d3 d6 6. Ng5 Bg4 7. f3 Be6 8. Bxe6
fxe6 9. Nxe6 Qa5 10. Nxf8 Rxf8 11. Bg5 O-O-O 12. Bxf6 Rxf6 13. Nd2 Rdf8 14. Rf1
Rh6 15. Nc4 Qb5 16. Na3 Qa5 17. Qd2 Rxh2 18. O-O-O Nb4 19. Rh1 Rxh1 20. Rxh1 h6
21. Nc4 Qxa2 22. Kd1 Na6 23. Kc2 Kc7 24. f4 exf4 25. Rc1 f3 26. gxf3 Rxf3 27.
Qd1 Rf2+ 28. Nd2 g5 29. Ra1 Qa4+ 30. Rxa4 1-0